Score 0/6 Timer 05:00
0 Plays Today
Continent Country % Correct
AsiaSouth Ossetia
76%
AsiaAbkhazia
74%
AfricaSahrawi Arab Democratic Republic
69.8%
EuropeTransnistria
59.4%
EuropeTurkish Republic of Northern Cyprus
57.3%
AsiaNagorno-Karabakh
39.6%
Remove Ads.
Support Sporcle.
Get the best of Sporcle when you Go Orange. This ad-free experience offers more features, more stats, and more fun while also helping to support Sporcle. Thank you for becoming a member.

You're not logged in!

Compare scores with friends on all Sporcle quizzes.
OR
Log In

Show Comments

Extras

Top Quizzes Today


Score Distribution

Your Account Isn't Verified!

In order to create a playlist on Sporcle, you need to verify the email address you used during registration. Go to your Sporcle Settings to finish the process.

Report this User

Report this user for behavior that violates our Community Guidelines.

Details: